| 000 | 00537nam a22001697a 4500 | ||
|---|---|---|---|
| 005 | 20231101073456.0 | ||
| 008 | 231101b |||||||| |||| 00| 0 eng d | ||
| 020 | _a070210292 | ||
| 041 | _aEnglish | ||
| 082 | _a346.7 MAC | ||
| 100 |
_aO'Donovan, B _lEnglish |
||
| 245 |
_aMackeurtan's Sale of Goods in South Africa / _cB O'Donovan |
||
| 260 |
_aCape Town : _bJuta and Company Limited, _c1972 |
||
| 300 |
_bxxv, 367 pages ; _c26 cm. _e2 Editions |
||
| 650 |
_alegal practice _bLaw |
||
| 942 |
_cBK _6ALISON_BN_VRIES |
||
| 999 |
_c203 _d203 |
||